| 000 | 00335nam a2200133Ia 4500 | ||
|---|---|---|---|
| 005 | 20260328101503.0 | ||
| 008 | 260328s9999||||xx |||||||||||||| ||und|| | ||
| 100 | _aTaylor, John Russell | ||
| 245 | 0 |
_a20th Century British Art / _cJohn Russell Taylor |
|
| 260 | _bArchitectural Design | ||
| 300 | _a80 p. | ||
| 650 | _aARTE | ||
| 942 | _cBK | ||
| 999 |
_c8967 _d8967 |
||